Manual de derecho sucesorio /
Guardado en:
| Autor Principal: | |
|---|---|
| Otros Autores: | , , , , , , , , , , , |
| Formato: | Libro |
| Idioma: | Spanish |
| Publicado: |
Bahía Blanca :
EdiUns,
2016.
|
| Edición: | 1a. ed. 1a. reimp. |
| Materias: | |
| Etiquetas: |
Agregar Etiqueta
Sin Etiquetas, Sea el primero en etiquetar este registro!
|
| LEADER | 01133nam a22003375a 4500 | ||
|---|---|---|---|
| 001 | DER.der015578 | ||
| 008 | 251209s2016####ag#||||||||||||||#||spa|| | ||
| 005 | 20251209095514.0 | ||
| 245 | 1 | 0 | |a Manual de derecho sucesorio / |c coordinado por Marisa Herrera y María Victoria Pellegrini...[et. al.]. |
| 250 | |a 1a. ed. 1a. reimp. | ||
| 260 | |a Bahía Blanca : |b EdiUns, |c 2016. | ||
| 300 | |a 509 p. | ||
| 020 | |a 9789876550581 | ||
| 100 | 1 | |a Herrera, Marisa., |e coord. | |
| 700 | 1 | |a Pellegrini, María Victoria, |e coord. | |
| 700 | 1 | |a Giagante, Betina Carla | |
| 700 | 1 | |a Castells, Lía | |
| 700 | 1 | |a Fabrizi, Lucrecia | |
| 700 | 1 | |a Girotti Blanco, Sofía V. | |
| 700 | 1 | |a Duprat, Carolina | |
| 700 | 1 | |a Rodríguez Iturburu, Mariana. | |
| 700 | 1 | |a de la Torre, Natalia. | |
| 700 | 1 | |a Appugliese, Bruno M. | |
| 700 | 1 | |a Yauhar, Yamile. | |
| 700 | 1 | |a Barchiesi, Estefanía | |
| 700 | 1 | |a Tejeda, Ailin. | |
| 650 | 7 | |a SUCESIONES | |
| 650 | 7 | |a DERECHO DE FAMILIA | |
| 859 | |a DERECHO |b BIB. DERECHO |h 346.013 |i MAN |p 007908 | ||
| 859 | |a DERECHO |b BIB. DERECHO |h 346.013 |i MAN |p 007911 |t 1 | ||
| 859 | |a DERECHO |b BIB. DERECHO |h 346.013 |i MAN |p 007916 |t 2 | ||
